000 00521nam a22001937a 4500
008 150722b xxu||||| |||| 00| 0 eng d
020 _a0471899496
041 0 _aeng
080 _a658.5
100 1 _aWarren, Kim ;
245 1 0 _aCompetitive strategy dynamics /
_cKim Warren.
260 _aChichester, West Sussex, UK :
_bWiley,
_cc2002.
300 _axiii, 330 f. :
_bme ill. ;
_c25 cm.
500 _aPreface : f. [ix]-xiii
650 0 _aStrategjia
650 0 _aKonkuruese
650 0 _aDinamika
942 _2udc
_cBK
999 _c1138
_d1138